[Event "Malmo"]
[Site "Malmo"]
[Date "1995.??.??"]
[Round "4"]
[White "Brynell, Stellan"]
[Black "Sadler, Matthew"]
[Result "1/2-1/2"]
[WhiteElo "2435"]
[BlackElo "2575"]

1.d4 d5 2.c4 dxc4 3.e3 Nf6 4.Bxc4 e6 5.Nf3 c5 6.O-O a6 7.Qe2 b5 8.Bb3 Bb7
9.a4 b4 10.Rd1 Nbd7 11.Nbd2 Be7 12.Nc4 O-O 13.Bd2 a5 14.Rac1 Qb8 15.Nce5 Nxe5
16.Nxe5 Rd8 17.Nf3 Ne4 18.Be1 Qa7 19.Ne5 Rac8 20.Nxf7 Kxf7 21.Qh5+ Kg8 22.Bxe6+ Kh8
23.Bxc8 Rxc8 24.f3 Nf6 25.Qe5 Bc6 26.b3 Bd5 27.Rb1 cxd4 28.e4 d3+ 29.Bf2 Bc5
30.Bxc5 Qxc5+ 31.Kh1 Re8 32.Qf5 Qe3 33.exd5 d2 34.h3 Qf2 35.Kh2 Re1 36.Qc8+ Ng8
37.Qc2 Nf6 38.Qc8+ Ng8 39.Qc2 Nf6  1/2-1/2

[Event "Mar del Plata op"]
[Site "Mar del Plata"]
[Date "1995.??.??"]
[Round "7"]
[White "Fiorito, Fabian"]
[Black "Spangenberg, Hugo"]
[Result "0-1"]
[WhiteElo "2435"]
[BlackElo "2500"]

1.d4 d5 2.c4 dxc4 3.Nf3 Nf6 4.e3 e6 5.Bxc4 c5 6.O-O a6 7.Bd3 Nc6 8.Nc3 cxd4
9.exd4 Be7 10.Re1 O-O 11.a3 b5 12.Bb1 Bb7 13.Qd3 g6 14.Ba2 Qd7 15.Bg5 Rad8
16.Rad1 b4 17.Ne2 Nd5 18.Bxd5 Qxd5 19.Nf4 Qd6 20.Bh6 Rfe8 21.d5 Qb8 22.Qe3 Bf8
23.Nxe6 fxe6 24.dxc6 Rxd1 25.Rxd1 Bxh6 26.Qxh6 Bxc6 27.Ng5 Qb7 28.axb4 Bd5
29.Qh4 Rb8 30.h3 Qe7 31.Rd4 Rc8 32.Rg4 Rc1+ 33.Kh2 Qc7+ 34.Qg3 Qxg3+ 35.Rxg3 Rc2
36.f3 Rxb2 37.Rg4 Kg7 38.Rd4 Re2 39.Kg3 h6 40.Ne4 Bxe4 41.fxe4 Kf6 42.Kf3 Rb2
43.Rc4 Rb3+ 44.Kf2 h5 45.Rc6 Rxb4 46.Rxa6 Rxe4 47.Ra5 Rb4 48.Rc5 e5 49.Kf3 Rb3+
50.Kf2 Kf5 51.Rc4 Rd3 52.Ke2 Rd4 53.Rc5 Ra4 54.Rc2 Kf4 55.Kf2 Ra3 56.Rb2 e4
57.Rb4 Ra2+ 58.Kg1 g5 59.Kh2 Ra1 60.Rc4 g4 61.hxg4 hxg4 62.Rc3 e3 63.Rc4+ Kf5
64.Rc8 e2  0-1

[Event "Capablanca mem"]
[Site "Matanzas"]
[Date "1995.??.??"]
[Round "3"]
[White "Lima, Darcy"]
[Black "Borges Mateos, Juan"]
[Result "1/2-1/2"]
[WhiteElo "2505"]
[BlackElo "2400"]

1.d4 d5 2.c4 dxc4 3.e3 Nf6 4.Bxc4 e6 5.Nf3 c5 6.Qe2 a6 7.dxc5 Bxc5 8.O-O b5
9.Bd3 Nbd7 10.a4 bxa4 11.Rxa4 Be7 12.Rd1 Qb6 13.e4 Bb7 14.Nc3 O-O 15.Rc4 Rfd8  1/2-1/2

[Event "Capablanca mem"]
[Site "Matanzas"]
[Date "1995.??.??"]
[Round "11"]
[White "Nogueiras, Jesus"]
[Black "Lima, Darcy"]
[Result "1/2-1/2"]
[WhiteElo "2550"]
[BlackElo "2505"]

1.d4 d5 2.c4 dxc4 3.e3 Nf6 4.Bxc4 e6 5.Nf3 c5 6.Qe2 cxd4 7.exd4 Be7 8.O-O O-O
9.Nc3 Nbd7 10.Rd1 Nb6 11.Bb3 Nbd5 12.Ne5 Bd7 13.Rd3 Bc6 14.Rg3 g6 15.h4 Nd7
16.Nxc6 bxc6 17.h5 Bf6 18.Bh6 Re8 19.Rd1 Bh8 20.Ne4 N7f6 21.Ng5  1/2-1/2

[Event "Moscow op"]
[Site "Moscow"]
[Date "1995.??.??"]
[Round "2"]
[White "Kozlov, Vladimir E"]
[Black "Donchenko, Anatoly G"]
[Result "1/2-1/2"]
[WhiteElo "2420"]
[BlackElo "2420"]

1.d4 d5 2.c4 dxc4 3.e3 Nf6 4.Bxc4 e6 5.Nf3 c5 6.O-O a6 7.Bd3 Nbd7 8.Qe2 b6
9.Rd1 Bb7 10.Nbd2 Be7 11.a3 O-O 12.Ne5 Qc7 13.Nxd7 Nxd7 14.Nf3  1/2-1/2

[Event "Moscow6"]
[Site "Moscow"]
[Date "1995.??.??"]
[Round "3"]
[White "Kiriakov, Petr"]
[Black "Donchenko, Anatoly G"]
[Result "1/2-1/2"]
[WhiteElo "2495"]
[BlackElo "2405"]

1.d4 d5 2.c4 dxc4 3.e3 Nf6 4.Bxc4 e6 5.Nf3 c5 6.O-O a6 7.Qe2 b5 8.Bb3 Bb7
9.a4 Nbd7 10.axb5 axb5 11.Rxa8 Qxa8 12.Nc3 b4 13.Nb5 Qb8 14.e4 cxd4 15.Nbxd4 Be7
16.Bg5 Nxe4 17.Bxe7 Kxe7 18.Bc2 Ndf6  1/2-1/2

[Event "Moscow-ch op"]
[Site "Moscow"]
[Date "1995.??.??"]
[Round "6"]
[White "Kunin, Vitaly L"]
[Black "Ilinsky, Vladimir"]
[Result "1/2-1/2"]
[WhiteElo "2040"]
[BlackElo "2320"]

1.d4 d5 2.c4 dxc4 3.e3 Nf6 4.Bxc4 e6 5.Nf3 c5 6.O-O a6 7.Nc3 b5 8.Be2 Bb7
9.a3 cxd4 10.Nxd4 Bd6 11.Bf3 Bxf3 12.Nxf3 Nc6 13.b3 O-O 14.Bb2 Qb8 15.b4 Ne5
16.Nxe5 Bxe5 17.h3 Rc8 18.Qb3 Bxc3 19.Bxc3 Ne4 20.Rac1 Rc4 21.Rfd1 Qc7 22.Bb2 Nd6
23.Qd3 Rxc1 24.Bxc1 Nc4 25.Qd7 Qxd7 26.Rxd7 Kf8 27.e4 Ke8 28.Rd3 Rc8 29.Rc3 Rd8
30.f3 g6 31.Kf2 f5 32.exf5 gxf5 33.Ke2 e5 34.f4 e4 35.g4 Kf7 36.Rg3 Rg8 37.Kf2 Rc8
38.Rc3 Ke6 39.Ke2 Rg8 40.Rg3 Kf6 41.Kf2 Kf7 42.Ke2 fxg4 43.Rxg4 Rc8 44.f5 Nd6
45.Be3 Rc2+ 46.Kd1 Rc3 47.Bc5 Nxf5 48.Rf4 Rd3+ 49.Kc2 Kf6 50.Rxe4 Rxh3 51.Kb2 Kf7
52.Re5 Rf3 53.Rd5 Ke6 54.Rd8 h5 55.Ra8 h4 56.Rxa6+ Kd5 57.Ra8 h3 58.Rh8 Rg3
59.Ba7 Nd6 60.Rh5+ Kc6 61.Rh6 Kc7 62.Bb8+ Kxb8 63.Rxd6 Rg2+ 64.Kb3 Rg3+ 65.Kb2 Rg2+
66.Kb3 Rg1 67.Rh6 Rh1 68.Rh7 Kc8 69.Kb2 Kd8 70.Rh5 Rh2+ 71.Kb3 Rh1  1/2-1/2

[Event "Namses op"]
[Site "Namses"]
[Date "1995.??.??"]
[Round "?"]
[White "Agdestein, Espen"]
[Black "Royset, Paal"]
[Result "1-0"]
[WhiteElo "2330"]
[BlackElo "2220"]

1.d4 d5 2.c4 dxc4 3.Nf3 Nf6 4.e3 e6 5.Bxc4 c5 6.O-O a6 7.a4 Nc6 8.Nc3 Be7
9.Qe2 cxd4 10.Rd1 O-O 11.exd4 Nb4 12.Ne5 Nbd5 13.Bg5 Qa5 14.Rd3 Nxc3 15.bxc3 Rd8
16.Rg3 Kf8 17.Qe3 Bd6 18.Qf4 Bxe5 19.dxe5 Nh5 20.Bxd8 Qxd8 21.Qg5 Qxg5 22.Rxg5 g6
23.Rg4 Ke7 24.Rb1 Ra7 25.Rd4 Bd7 26.g4 Ng7 27.Bf1  1-0

[Event "Noumea op"]
[Site "Noumea"]
[Date "1995.??.??"]
[Round "4"]
[White "Reilly, Tim"]
[Black "Davidovic, Aleksandar"]
[Result "1/2-1/2"]
[WhiteElo "2350"]
[BlackElo "2410"]

1.d4 d5 2.c4 dxc4 3.e3 Nf6 4.Bxc4 e6 5.Nf3 c5 6.O-O a6 7.a4 Nc6 8.Nc3 cxd4
9.exd4 Nb4 10.Bg5 Be7 11.Re1 O-O 12.Qe2 Nbd5 13.Ne5 Nxc3 14.bxc3 Nd5 15.Bd2 Bg5
16.Bd3 Bxd2 17.Qxd2 Qa5 18.Rec1 f6 19.Nc4 Qc7 20.Qc2 h6 21.Nd2 Bd7 22.c4 Nb4
23.Qb3 Nxd3 24.Qxd3 Bc6 25.Ne4 Bxe4 26.Qxe4 Qc6 27.Qxc6 bxc6 28.Rab1 Rab8
29.Kf1 Rfd8 30.Ke2 Rxb1 31.Rxb1 Rxd4 32.Rb6 Rxc4 33.Rxa6 Rc2+ 34.Ke3 Kf7
35.Ra7+ Kg6 36.a5 Ra2 37.g3 c5 38.a6 c4 39.Rc7 Rxa6 40.Rxc4 Kf5 41.h4 Ra3+
42.Ke2 g5 43.hxg5 hxg5 44.g4+ Ke5 45.f3 f5 46.gxf5 exf5 47.Kf2 Ra2+ 48.Kg3 f4+
49.Kh3 Rf2 50.Rc3 Kd4 51.Ra3 Rd2 52.Kg4 Rg2+ 53.Kf5 Rg3 54.Rb3 Kc4 55.Ra3 g4
56.Kxf4 Rxf3+ 57.Rxf3 gxf3 58.Kxf3 Kd5  1/2-1/2

[Event "Novgorod op"]
[Site "Novgorod"]
[Date "1995.??.??"]
[Round "4"]
[White "Nenashev, Alexander"]
[Black "Vaulin, Alexander"]
[Result "1-0"]
[WhiteElo "2605"]
[BlackElo "2510"]

1.d4 d5 2.c4 dxc4 3.Nf3 Nf6 4.e3 c5 5.Bxc4 e6 6.O-O a6 7.Nc3 b5 8.Bb3 Bb7
9.Re1 Nc6 10.d5 Nxd5 11.Nxd5 c4 12.Bxc4 bxc4 13.e4 Bb4 14.Bd2 Bxd2 15.Qxd2 O-O
16.Ne3 Na5 17.Qc2 Rc8 18.Rac1 f5 19.Rcd1 Qf6 20.exf5 Bxf3 21.gxf3 c3 22.bxc3 Rxc3
23.Qe4 Rc6 24.Qb4 Nc4 25.Nxc4 Qg5+ 26.Kf1 Qf4 27.Re4 Qxf3 28.Ne3 exf5 29.Rf4 Qh1+
30.Ke2 Qxh2 31.Rxf5 Re8 32.Qe4 Rxe4 33.Rd8+  1-0

[Event "Novgorod op"]
[Site "Novgorod"]
[Date "1995.??.??"]
[Round "9"]
[White "Malaniuk, Vladimir P"]
[Black "Yakovich, Yuri"]
[Result "1-0"]
[WhiteElo "2615"]
[BlackElo "2555"]

1.d4 d5 2.c4 dxc4 3.e3 Nf6 4.Nf3 c5 5.Bxc4 e6 6.O-O a6 7.Bd3 cxd4 8.exd4 Be7
9.Nc3 b5 10.a4 b4 11.Ne4 Bb7 12.Qe2 O-O 13.Bf4 Qd5 14.Nxf6+ Bxf6 15.Rfd1 Rc8
16.Rac1 Rxc1 17.Rxc1 Nc6 18.Qe4 g6 19.Qxd5 exd5 20.Ne5 Nxd4 21.Nd7 Bd8 22.Bd6 a5
23.f4 Bc8 24.Nb8 Bf5 25.Bf1 Bb6 26.Kh1 Ba7 27.Na6 Rc8 28.Nc7 Nb3 29.Re1 Bb8
30.Re7 Rd8 31.Be5 Kf8 32.Bf6 Nc5 33.Bb5 Ne4 34.Rxe4 Rc8 35.Re8+ Rxe8 36.Nxe8 Bxf4
37.h4 Be3 38.Nc7 d4 39.Nd5 Bf2 40.Nf4 Bc2 41.Kh2 b3 42.Nd3 Be3 43.Bd8 Bd2
44.Bb6  1-0

[Event "Polanica Zdroj op"]
[Site "Polanica Zdroj"]
[Date "1995.??.??"]
[Round "8"]
[White "Gritsak, Orest"]
[Black "Weglarz, Leszek"]
[Result "0-1"]
[WhiteElo "2365"]
[BlackElo "2350"]

1.Nf3 d5 2.d4 e6 3.c4 dxc4 4.e3 c5 5.Bxc4 Nf6 6.O-O a6 7.a3 b5 8.Ba2 Bb7
9.Nc3 Qc7 10.Qe2 Nbd7 11.Rd1 Be7 12.Bd2 O-O 13.Rac1 Qb6 14.Be1 Rac8 15.e4 cxd4
16.Nxd4 Ne5 17.Bb1 Rfd8 18.Nf3 Nfd7 19.Nxe5 Nxe5 20.Rxd8+ Rxd8 21.Rd1 Rxd1
22.Nxd1 Bf8 23.Nc3 Qd4 24.Kf1 g6 25.Nd1 b4 26.f4 Bc6 27.Bf2 Qd7 28.Kg1 Bb5
29.Qe1 Ng4 30.axb4 Bxb4 31.Nc3 Nxf2 32.Kxf2 e5 33.f5 gxf5 34.exf5 Qd4+ 35.Qe3 Bc5
36.Qxd4 Bxd4+ 37.Kf3 Bxc3 38.bxc3 f6 39.Ba2+ Kf8 40.g4 Ke7 41.h4 h6 42.Bd5 Ba4
43.Ke2 a5 44.Kd2 Bd7 45.c4 Kd6 46.Kc3 Be8 47.Kb3 Kc5 48.Kc3 a4 49.Kd3 e4+
50.Bxe4 Bf7 51.g5 hxg5 52.hxg5 fxg5 53.Bf3 Bxc4+ 54.Kc3 Bf7 55.Kb2 Kb4 56.Bg4 a3+
57.Ka1 Kc3 58.f6 Kd4 59.Kb1 Ke5 60.Ka1 Kxf6 61.Kb1 Ke5 62.Ka1 Kf4 63.Bd1 Bd5  0-1

[Event "Polanica Zdroj op"]
[Site "Polanica Zdroj"]
[Date "1995.??.??"]
[Round "9"]
[White "Laszewicz, Pawel"]
[Black "Bernard, Ryszard"]
[Result "1/2-1/2"]
[WhiteElo "2230"]
[BlackElo "2350"]

1.d4 d5 2.c4 dxc4 3.e3 Nf6 4.Bxc4 e6 5.Nf3 c5 6.O-O a6 7.dxc5 Bxc5 8.Qe2 Nc6
9.a3 b5 10.Bd3 O-O 11.b4 Bd6 12.Bb2 e5 13.Nbd2 Qe7 14.Rfd1 Bb7 15.Ng5 Rad8
16.Nde4 Nxe4 17.Nxe4 f5 18.Nxd6 Rxd6 19.Qc2 Rg6 20.Bf1 f4 21.e4 Rd8 22.Rxd8+ Qxd8
23.Rd1 Rd6 24.Rxd6 Qxd6 25.Qd3 Nd4 26.f3 Kf7 27.Kf2 Kf6 28.g3 g5 29.Bxd4 Qxd4+
30.Qxd4 exd4 31.gxf4 gxf4 32.Bh3 d3 33.Bf1 Ke5 34.Bxd3 Kd4 35.Ke2 Bc8 36.Kd2 Bh3
37.Be2 h6 38.Bd1 Bg2 39.Be2 Bh3 40.Bd3 Bg2 41.Be2  1/2-1/2

[Event "Rostov on Don (Women)"]
[Site "Rostov"]
[Date "1995.??.??"]
[Round "10"]
[White "Shumiakina, Tatiana"]
[Black "Galliamova, Alisa"]
[Result "1/2-1/2"]
[WhiteElo "2350"]
[BlackElo "2475"]

1.d4 d5 2.c4 dxc4 3.Nf3 Nf6 4.e3 e6 5.Bxc4 c5 6.O-O a6 7.dxc5 Bxc5 8.Qxd8+ Kxd8
9.Rd1+ Ke7 10.a3 b5 11.Be2 Bb7 12.b4 Bd6 13.Nbd2 Nbd7 14.Nb3 Bd5 15.Na5 Rhc8
16.Nd4 Ne5 17.f3 Bc7 18.e4 Bxa5 19.bxa5 Bc4 20.Bd2 Bxe2 21.Nxe2 Nc4 22.Bb4+ Ke8
23.Nd4 Nd7 24.Rab1  1/2-1/2

[Event "St Petersburg op"]
[Site "St Petersburg"]
[Date "1995.??.??"]
[Round "9"]
[White "Gleizerov, Evgeny"]
[Black "Vulfson, Vladimir"]
[Result "0-1"]
[WhiteElo "2545"]
[BlackElo "2435"]

1.d4 d5 2.c4 dxc4 3.e3 Nf6 4.Bxc4 e6 5.Nf3 c5 6.Qe2 a6 7.dxc5 Bxc5 8.O-O Nc6
9.e4 b5 10.Bb3 Bb7 11.e5 Nd7 12.Bf4 g5 13.Nxg5 Rg8 14.Qh5 Ncxe5 15.Bxe6 Qf6
16.Bxd7+ Nxd7 17.Re1+ Be7 18.g3 Rc8 19.Nc3 Rc5 20.Nce4 Bxe4 21.Rxe4 Rcxg5
22.Bxg5 Rxg5 23.Qxh7 Nf8 24.Qh3 Ne6 25.Rd1 Bc5 26.Rd2 Rd5 27.Rde2 Rf5 28.Qg2 Kf8
29.Rh4 Rf3 30.Rd2 Qf5 31.Qf1 Ng5 32.Kg2 Ne4 33.Rc2 Be7 34.Rh8+ Kg7 35.Re8 Ng5
36.Re2 Bc5 37.R8e5 Qh3+ 38.Kg1 Rxg3+  0-1

[Event "SWZ-chT"]
[Site "SWZ"]
[Date "1995.??.??"]
[Round "3"]
[White "Gerber, Richard"]
[Black "Brunner, Lucas"]
[Result "0-1"]
[WhiteElo "2375"]
[BlackElo "2530"]

1.d4 d5 2.c4 dxc4 3.Nf3 Nf6 4.e3 e6 5.Bxc4 c5 6.O-O a6 7.a4 Nc6 8.Nc3 Be7
9.Qe2 O-O 10.Rd1 Qc7 11.b3 b6 12.Bb2 Bb7 13.Rac1 Rfd8 14.h3 Na5 15.Ne5 Nxc4
16.bxc4 Rac8 17.a5 bxa5 18.Na4 Ne4 19.f3 cxd4 20.exd4 Ng3 21.Qd2 Bc6 22.Nc3 Bf6
23.Qf4 Nf5 24.Nd5 Bxe5 25.dxe5 Bxd5 26.cxd5 Qb6+ 27.Kh2 Qxb2  0-1

[Event "SWZ-chT"]
[Site "SWZ"]
[Date "1995.??.??"]
[Round "4"]
[White "Sherwin, James T"]
[Black "Kamber, Bruno"]
[Result "1/2-1/2"]
[WhiteElo "2315"]
[BlackElo "2375"]

1.d4 d5 2.c4 dxc4 3.Nf3 Nf6 4.e3 c5 5.Bxc4 e6 6.O-O a6 7.Bb3 Nc6 8.Qe2 Be7
9.Rd1 O-O 10.Nc3 cxd4 11.exd4 Na5 12.Bc2 b5 13.Bg5 Bb7 14.Ne5 Nd5 15.Bxe7 Qxe7
16.Ne4 Nc6 17.Rac1 Rac8 18.a3 Rfd8 19.g3 Nf6 20.Nxc6 Bxc6 21.Nxf6+ Qxf6 22.Bxh7+ Kxh7
23.Rxc6 Rxc6 24.Qe4+ g6 25.Qxc6 Rxd4 26.Rxd4 Qxd4 27.Qxa6 Qxb2 28.Qb7 Kg7
29.Kg2 Qe5 30.h4 Qe2 31.Qf3 Qb2 32.Qb7 Qb3 33.Qf3  1/2-1/2

[Event "SWZ-chT"]
[Site "SWZ"]
[Date "1995.??.??"]
[Round "7"]
[White "Wirthensohn, Heinz"]
[Black "Rueetschi, Urs"]
[Result "1/2-1/2"]
[WhiteElo "2385"]
[BlackElo "2225"]

1.d4 d5 2.Nf3 Nf6 3.c4 dxc4 4.e3 e6 5.Bxc4 c5 6.O-O a6 7.a4 Nc6 8.Qe2 cxd4
9.Rd1 Be7 10.exd4 O-O 11.Nc3 Nb4 12.Ne5 Bd7 13.Bf4 Nbd5 14.Nxd7 Qxd7 15.Be5 Rac8
16.Nxd5 Nxd5 17.Bb3 f6 18.Bg3 Bd6 19.Re1 Rfe8 20.Qf3 Bxg3 21.hxg3 Red8 22.Re2 Rc6
23.Rae1 Nc7 24.Re4 Kf8 25.g4 h6 26.g3 Rd6 27.Kh2 Qc6 28.Qe3 Qb6 29.Rc1 Nd5
30.Bxd5 Rxd5 31.b3 R8d6 32.Rc4 Kf7 33.f4 Rd7 34.Kh3 a5 35.Qc3 h5 36.gxh5 Rxh5+
37.Kg2 Rhd5 38.g4 Qd6 39.Qh3 Rd8 40.f5 exf5 41.Qh5+ Kf8 42.Qh8+ Kf7  1/2-1/2

[Event "SWZ-chT"]
[Site "SWZ"]
[Date "1995.??.??"]
[Round "8"]
[White "Nemet, Ivan"]
[Black "Rueetschi, Urs"]
[Result "1-0"]
[WhiteElo "2395"]
[BlackElo "2225"]

1.d4 d5 2.c4 dxc4 3.Nf3 Nf6 4.e3 e6 5.Bxc4 c5 6.Qe2 a6 7.dxc5 Bxc5 8.O-O b5
9.Bd3 Qb6 10.a4 bxa4 11.Nc3 Nbd7 12.e4 Bb7 13.Bg5 O-O 14.Nxa4 Qb4 15.Bd2 Qb3
16.Rfc1 Bb4 17.Bc4 Bxd2 18.Qxd2 Nxe4 19.Qe1 Qxf3 20.gxf3 Ng5 21.Be2 Ne5 22.Ra3 Nexf3+
23.Bxf3 Nxf3+ 24.Rxf3 Bxf3 25.Qe3 Bd5 26.Nb6 Rad8 27.Nxd5 Rxd5 28.Qa3 Rb5
29.Rc5 Rb6 30.Ra5 Ra8 31.b4 h6 32.b5  1-0

[Event "SWZ-ch"]
[Site "SWZ"]
[Date "1995.??.??"]
[Round "9"]
[White "Gerber, Richard"]
[Black "Giertz, Niklaus"]
[Result "1-0"]
[WhiteElo "2375"]
[BlackElo "2360"]

1.d4 d5 2.c4 dxc4 3.Nf3 Nf6 4.e3 e6 5.Bxc4 c5 6.O-O a6 7.a4 Nc6 8.Qe2 Qc7
9.Nc3 Be7 10.b3 O-O 11.Bb2 b6 12.Rad1 Bb7 13.h3 cxd4 14.exd4 Na5 15.Ne5 Nxc4
16.bxc4 Nd7 17.Ng4 Rfe8 18.Rfe1 h5 19.Ne3 Nf6 20.d5 Bb4 21.dxe6 Rxe6 22.Ncd5 Nxd5
23.cxd5 Rg6 24.Nf5 Qd7 25.Qe5 Bxe1 26.Ne7+ Kh7 27.Qxh5+ Rh6 28.Qxf7  1-0

[Event "AUS-ch"]
[Site "Sydney"]
[Date "1995.??.??"]
[Round "11"]
[White "Reilly, Tim"]
[Black "Allen, Andrew"]
[Result "1/2-1/2"]
[WhiteElo "2350"]
[BlackElo "2260"]

1.d4 d5 2.c4 dxc4 3.e3 Nf6 4.Bxc4 e6 5.Nf3 c5 6.O-O a6 7.a4 Nc6 8.Qe2 Qc7
9.Nc3 Be7 10.dxc5 Bxc5 11.h3 O-O 12.e4 Nd7 13.Kh1 b6 14.Rd1 Bb7 15.Bg5 Nde5
16.Nxe5 Nxe5 17.Ba2 Ng6 18.Rac1 Qe5 19.Qd2 Bb4 20.f3 Rac8 21.Be3 Rc6 22.Bd4 Qa5
23.Bb3 Rd8 24.Qf2 h6 25.Ne2  1/2-1/2

[Event "Tel Aviv "]
[Site "Tel Aviv "]
[Date "1995.??.??"]
[Round "?"]
[White "Greenfeld, Alon"]
[Black "Loeffler, Stefan"]
[Result "1-0"]
[WhiteElo "2580"]
[BlackElo "2425"]

1.d4 d5 2.c4 e6 3.Nf3 dxc4 4.e3 c5 5.Bxc4 Nf6 6.O-O a6 7.Bd3 Nbd7 8.Qe2 b6
9.Nc3 Bb7 10.Rd1 Qb8 11.a4 Bd6 12.h3 O-O 13.Bd2 Re8 14.Ng5 cxd4 15.exd4 e5
16.d5 e4 17.Ncxe4 Nxe4 18.Bxe4 f5 19.Bc3 Re7 20.Qh5 g6 21.Qh6 fxe4 22.Nxh7 Bh2+
23.Kh1 Be5 24.Ng5 Bxc3 25.Qxg6+ Bg7 26.Qh7+ Kf8 27.Qf5+ Bf6 28.d6 Re5 29.Nh7+ Kg7
30.Qxd7+ Kg6 31.Nxf6 Kxf6 32.Rac1 Bd5 33.Rxd5  1-0

[Event "JUG-chT"]
[Site "Tivat"]
[Date "1995.??.??"]
[Round "11"]
[White "Zvjaginsev, Vadim"]
[Black "Maksimenko, Andrei"]
[Result "1/2-1/2"]
[WhiteElo "2600"]
[BlackElo "2550"]

1.d4 d5 2.c4 dxc4 3.e3 Nf6 4.Bxc4 e6 5.Nf3 c5 6.O-O a6 7.Nc3 b5 8.Bb3 Bb7
9.Re1 Be7 10.a4 b4 11.Ne2 cxd4 12.Nexd4 Nc6 13.Nxc6 Bxc6 14.Ne5 Bb7 15.Qxd8+ Rxd8
16.f3 Nd7 17.Nxd7  1/2-1/2

[Event "Trelew Clarin-GP"]
[Site "Trelew"]
[Date "1995.??.??"]
[Round "5"]
[White "Amura, Claudia Noemi"]
[Black "Spangenberg, Hugo"]
[Result "1/2-1/2"]
[WhiteElo "2330"]
[BlackElo "2490"]

1.d4 d5 2.c4 dxc4 3.e3 Nf6 4.Bxc4 e6 5.Nf3 c5 6.Bd3 Nc6 7.Nc3 cxd4 8.exd4 Be7
9.O-O O-O 10.Bg5 Nb4 11.Bb1 b6 12.a3 Nbd5 13.Qd3 g6 14.Re1 Bb7 15.Ba2 Rc8
16.Ne5 Nxc3 17.bxc3 Nd7 18.Bxe7 Nxe5 19.Rxe5 Qxe7 20.c4 Rfd8 21.Qe3 Qd6 22.d5 Rc5
23.h4 b5 24.Rb1 Ba6 25.Re4 exd5 26.cxd5 Bc8 27.Re7 Bf5 28.Re1 a5 29.Qd4 Rc1
30.Rxc1 Qxe7 31.Rc3 Qd6 32.g4 Bd7 33.h5 Re8 34.h6 Qe5 35.Qxe5 Rxe5 36.Rc7 Re1+
37.Kg2 Be8 38.d6 Rd1 39.Bxf7+ Bxf7 40.Rc8+ Be8 41.Rxe8+ Kf7 42.Re7+ Kf6 43.Rxh7 Rxd6
44.Rb7 b4 45.axb4 axb4 46.Rxb4 g5 47.Rb7 Kg6 48.h7 Rd8 49.Kf3 Re8 50.Re7 Rf8+
51.Ke4 Rg8 52.Ke5 Ra8 53.f4 gxf4 54.Kxf4 Rb8 55.Ke5 Ra8 56.Ke6 Ra6+ 57.Kd7 Ra7+
58.Kd6 Ra6+ 59.Kc7 Ra8 60.Rd7 Rh8  1/2-1/2

[Event "Viernheim"]
[Site "Viernheim"]
[Date "1995.??.??"]
[Round "7"]
[White "Beikert, Guenther"]
[Black "Rausis, Igors"]
[Result "1/2-1/2"]
[WhiteElo "2455"]
[BlackElo "2515"]

1.d4 d5 2.c4 dxc4 3.e3 Nf6 4.Bxc4 e6 5.Nf3 c5 6.O-O a6 7.Qe2 Nbd7 8.Rd1 Qc7
9.a4 b6 10.e4 cxd4 11.e5 Ng8 12.Bf4 Ne7 13.Nbd2 Ng6 14.Bg3 Bc5 15.h4 Bb7
16.h5 Ne7 17.Ne4 Nf5 18.Bf4 Nf6 19.Nxf6+ gxf6 20.Bd3 Ne7 21.Bg3 f5 22.Qd2 Bxf3
23.gxf3 Nd5 24.Rac1 Rg8  1/2-1/2

[Event "LTU-ch"]
[Site "Vilnius"]
[Date "1995.??.??"]
[Round "5"]
[White "Jocys, Dalius"]
[Black "Sulskis, Giedrius"]
[Result "1-0"]
[WhiteElo "2155"]
[BlackElo "2045"]

1.d4 d5 2.c4 dxc4 3.Nf3 Nf6 4.e3 e6 5.Bxc4 c5 6.O-O a6 7.a4 Nc6 8.Qe2 cxd4
9.Rd1 Be7 10.exd4 O-O 11.Nc3 Nb4 12.Bg5 Bd7 13.Ne5 Be8 14.Bb3 Nfd5 15.Bd2 Nc6
16.Nxd5 exd5 17.Bc3 f6 18.Nd3 Bf7 19.Nf4 Qd7 20.Re1 Rfe8 21.Qf3 Red8 22.Re2 Bf8
23.Rae1 b5 24.axb5 axb5 25.Qd3 b4 26.Bd2 Qa7 27.Bc2 g6 28.Ne6 Bxe6 29.Rxe6 Nxd4
30.Rxf6 Nxc2 31.Qxc2 Bc5 32.Bh6 Bd4 33.Rfe6 Rac8 34.Qe2 Qf7 35.Re7 Qf5 36.g4 Qf6
37.Bg7 Qxg7 38.Qe6+ Kh8 39.Rxg7 Bxg7 40.Qf7  1-0

[Event "LTU-ch"]
[Site "Vilnius"]
[Date "1995.??.??"]
[Round "9"]
[White "Linauskas, Dainius"]
[Black "Lasinskas, Povilas"]
[Result "1-0"]
[WhiteElo "2320"]
[BlackElo "2175"]

1.Nf3 Nf6 2.d4 d5 3.c4 dxc4 4.e3 e6 5.Bxc4 c5 6.O-O a6 7.a4 Nc6 8.Nc3 Qc7
9.Qe2 Be7 10.Rd1 O-O 11.h3 Rd8 12.d5 exd5 13.Nxd5 Nxd5 14.Bxd5 Nb4 15.Bc4 Rxd1+
16.Qxd1 Bf5 17.Qe2 Bf6 18.Ra3 Rd8 19.e4 Bxe4 20.Qxe4 Rd1+ 21.Bf1 h6 22.Bf4 Qd7
23.Qe2 Rb1 24.Be5 Bxe5 25.Nxe5 Qe6 26.Kh2 Rxf1 27.Qxf1 Qxe5+ 28.Kg1 Qxb2
29.Re3 Qd4 30.Re8+ Kh7 31.Qb1+ g6 32.Qb3 Qd7 33.Rb8 Qc7 34.Qg3 Qxg3 35.fxg3 b5
36.axb5 axb5 37.Rxb5 Nd3 38.Kf1 Kg7 39.Ke2 Ne5 40.Rxc5 Nd7 41.Rc7 Nf8 42.Ke3 Ne6
43.Rc1 Nf8 44.Rc8 Nd7 45.Kd4 Nf6 46.Ke5 Nd7+ 47.Kd6 Nf6 48.Rc4 Kf8 49.g4 Ne8+
50.Ke5 Ke7 51.Rb4 Nf6 52.Rb7+ Nd7+ 53.Kd5  1-0

[Event "AUT-ch"]
[Site "Voitsberg"]
[Date "1995.??.??"]
[Round "5"]
[White "Robatsch, Karl"]
[Black "Zoebisch, Herbert"]
[Result "1/2-1/2"]
[WhiteElo "2395"]
[BlackElo "2290"]

1.Nf3 d5 2.d4 Nf6 3.c4 dxc4 4.e3 e6 5.Bxc4 c5 6.Qe2 a6 7.dxc5 Bxc5 8.O-O b5
9.Bd3 Be7 10.Nbd2 Nbd7 11.Nb3 O-O 12.Bd2 b4 13.a3 Qb6 14.a4 a5 15.e4 Ba6
16.Be3 Bxd3 17.Qxd3 Qa6 18.Qxa6 Rxa6 19.Nfd2 Ng4 20.Nc4 Nxe3 21.fxe3 Rfa8
22.Rfd1 Nb6 23.Nxb6 Rxb6 24.e5 f6 25.Rd7 Kf7 26.Rc1 Rd8 27.Rxd8 Bxd8 28.Rc8 Ke7
29.Nxa5 Kd7 30.Ra8 b3 31.Ra7+ Bc7 32.Kf2 Rb4 33.Nb7  1/2-1/2

[Event "Wattens op"]
[Site "Wattens"]
[Date "1995.??.??"]
[Round "?"]
[White "Heubusch, Michael"]
[Black "Volf, Rudolf"]
[Result "1-0"]
[WhiteElo "2150"]
[BlackElo "1660"]

1.d4 d5 2.c4 dxc4 3.e3 Nf6 4.Bxc4 e6 5.Nf3 c5 6.O-O cxd4 7.exd4 Be7 8.Nc3 O-O
9.a3 Qc7 10.Qe2 a6 11.Bg5 b5 12.Ba2 Bb7 13.Rac1 Qd6 14.Rfe1 Nbd7 15.d5 Nxd5
16.Bxd5 Bxd5 17.Bxe7 Bxf3 18.Bxd6 Bxe2 19.Bxf8 Bf3 20.Be7 Bg4 21.f3 Bf5 22.Red1 Nb6
23.Rd8+ Rxd8 24.Bxd8 Nc4 25.Ne4 Bxe4 26.fxe4 f6 27.Rxc4 bxc4 28.Kf2 Kf7 29.Ke3 e5
30.Kd2 Ke6 31.Kc3 g6 32.Kxc4 f5 33.Bb6 f4 34.Bc5 g5 35.b4 h5 36.a4 g4 37.Bf2 Kd6
38.b5 axb5+ 39.Kxb5 f3 40.gxf3 gxf3 41.Kb6 Ke6 42.h4 Kd7 43.Kb7 Kd6 44.a5 Kd7
45.a6 Kd6 46.a7  1-0

[Event "Werfen op"]
[Site "Werfen"]
[Date "1995.??.??"]
[Round "3"]
[White "Zoler, Dan"]
[Black "Raetsky, Alexander"]
[Result "0-1"]
[WhiteElo "2415"]
[BlackElo "2505"]

1.d4 d5 2.c4 dxc4 3.e3 Nf6 4.Bxc4 e6 5.Nf3 c5 6.O-O a6 7.a4 Nc6 8.Qe2 cxd4
9.Rd1 Be7 10.exd4 O-O 11.Nc3 Nd5 12.Qe4 Ncb4 13.Ne5 Qd6 14.Qg4 f5 15.Qf3 Rd8
16.Nxd5 Nxd5 17.Bf4 Nxf4 18.Qxf4 g6 19.Rd3 Bf6 20.Qd2 Bd7 21.Re1 Kg7 22.d5 Be8
23.dxe6 Qc7 24.f4 Bxa4 25.Qb4 Be8 26.Red1 a5 27.Qa3 Rxd3 28.Rxd3 Rd8 29.Rxd8 Qxd8
30.Qc5 b6 31.Qe3 Qd1+ 32.Bf1 Bb5 33.Nd3 Bxd3 34.Qxd3 Bd4+ 35.Kh1 Qxd3 36.Bxd3 Bxb2
37.Bb5 Kf6 38.Bd7 Ke7 39.g3 Bf6 40.Kg2 Kd6 41.Kf3 Kc5 42.Ke3 Kc4 43.Kd2 Be7
44.Bc6 b5 45.Kc2 a4 46.Kd2 Kc5 47.Be8 Kb4 48.Bc6 Ka5 49.Bf3 b4 50.Be2 Kb6  0-1

[Event "Werfen op"]
[Site "Werfen"]
[Date "1995.??.??"]
[Round "5"]
[White "Parker, Jonathan"]
[Black "Raetsky, Alexander"]
[Result "0-1"]
[WhiteElo "2415"]
[BlackElo "2505"]

1.d4 d5 2.c4 dxc4 3.Nf3 Nf6 4.e3 e6 5.Bxc4 c5 6.Qe2 a6 7.dxc5 Bxc5 8.O-O b5
9.Bd3 Nbd7 10.Nbd2 Bb7 11.b3 O-O 12.Bb2 Qb8 13.e4 Be7 14.Rac1 Rc8 15.e5 Nd5
16.Qe4 Nf8 17.Qg4 Rxc1 18.Rxc1 Qd8 19.Bb1 Rc8 20.Rxc8 Qxc8 21.Ne4 Qd8 22.h4 h5
23.Qg3 Ng6 24.Nd6 Ndf4 25.Nd4 Bd5 26.Bxg6 Nxg6 27.Ne2 Bxh4 28.Qe3 Qg5 29.Qxg5 Bxg5
30.Bc3 Nf4 31.Nxf4 Bxf4 32.g3 Bc1 33.a4 bxa4 34.bxa4 Ba3 35.a5 Kf8 36.f4 Bc5+
37.Kh2 Ke7 38.Kh3 Bf3 39.Kh4 f6 40.Nc8+ Kf7 41.Nd6+ Kg6 42.Kh3 fxe5 43.fxe5 Bf2
44.Kh2 Bc6 45.Kh3 Kh7 46.Nf7 Bd5 47.Kh4 Kg6 48.Nd6 Bf3 49.Kh3 Kh7 50.Nf7 Be3
51.Kh2 Kg8 52.Nd6 g5 53.Ne8 Kf7 54.Nd6+ Kg6 55.Kh3 Bf2 56.Bd2 h4 57.g4 Bg3  0-1

[Event "Wrexham"]
[Site "Wrexham"]
[Date "1995.??.??"]
[Round "9"]
[White "Davies, Nigel R"]
[Black "Hartman, Christer"]
[Result "1-0"]
[WhiteElo "2505"]
[BlackElo "2345"]

1.d4 d5 2.c4 dxc4 3.e3 Nf6 4.Bxc4 e6 5.Nf3 c5 6.Qe2 a6 7.dxc5 Bxc5 8.O-O Nc6
9.e4 b5 10.Bb3 Qc7 11.e5 Ng4 12.Bf4 f6 13.Nbd2 Ngxe5 14.Rac1 Qb6 15.Bxe5 fxe5
16.Ng5 O-O 17.Nde4 Bd4 18.Qh5 h6 19.Qg6 hxg5 20.Bxe6+ Bxe6 21.Qxe6+ Kh8 22.Rxc6 Qd8
23.Qh3+ Kg8 24.Qb3+ Kh8 25.Qh3+ Kg8 26.Qe6+ Kh8 27.Rd6 Qc8 28.Rd7 Rd8 29.Qh3+ Kg8
30.Nf6+  1-0

[Event "Zadar op"]
[Site "Zadar"]
[Date "1995.??.??"]
[Round "?"]
[White "Dizdar, Goran"]
[Black "Covic, Darko"]
[Result "1-0"]
[WhiteElo "2510"]
[BlackElo "2365"]

1.d4 Nf6 2.Nf3 e6 3.e3 d5 4.c4 dxc4 5.Bxc4 c5 6.O-O a6 7.a3 Nc6 8.Nc3 Be7
9.Qe2 b5 10.Ba2 cxd4 11.Rd1 Bb7 12.exd4 O-O 13.Bg5 Na5 14.d5 exd5 15.Nxd5 Bxd5
16.Bxf6 Bxf6 17.Bxd5 Qe8 18.Qd3 Rd8 19.Re1 Qd7 20.Rad1 Nc4 21.Bxc4 bxc4 22.Qxd7  1-0